000 01708nam a2200397 c 4500
003 BLK
005 20250722104814.0
008 180409b bul|||||r ||||||| ||bul||
010 _aKNG00139053000
020 _a978-954-655-331-7
_bиздат.: Бард
040 _aBLK
041 _aBUL
_cBUL
072 7 _2bullib
_aН83
_xЧужда художествена литература Н
080 _aАмериканска литература (на САЩ)
_b821.111(73)
_x-312.4
_z821.111(73)-312.4
100 1 _aРолинс, Джеймс
_eпърви автор
_gЧайковски, Джим
_9116829
700 1 _aБожилов, Венцислав
_eпрев. от англ.
_9366151
700 1 _aБъчваров, Крум
_eпрев. от англ.
_9364186
139 _aРолинс, Джеймс
_bР 82
245 1 0 _aКръвна линия
_bРоман
_cДжеймс Ролинс; прев. от англ. Венцислав Божилов; прев. от англ. Крум Бъчваров.
245 1 0 _aСледотърсачът
_b
_c
257 _aUSA
260 София
_bБард
_c2012
_fХасково : Полиграфюг
300 _a575 с.
_c20 см
380 _aX
490 1 _aКралете на трилъра
500 _aОриг. загл. Bloodline / James Rollins. - Джеймс Ролинс - псевд. на James Czajkovski.
653 _aтрилъри
653 _aромани
659 _aН
852 _aЦб 258174
856 4 _qpdf
_u
856 4 _qpdf
_u
942 _cKNG
_n0
_069
944 _aCR
_c06.02.2013
_lЦветомила Тодорова
_k30576
944 _aED
_c14.06.2017
_lф /
_kЛюдмила_Стоянова
999 _c133163
_d133163